LEADER 04531nam 22004933u 450 001 9910453414703321 005 20210113180211.0 010 $a1-118-65187-1 035 $a(CKB)2550000001189691 035 $a(EBL)1598814 035 $a(MiAaPQ)EBC1598814 035 $a(EXLCZ)992550000001189691 100 $a20140127d2014|||| u|| | 101 0 $aeng 135 $aur|n|---||||| 200 10$aWater Safety and Water Infrastructure Security$b[electronic resource] 210 $aHoboken $cWiley$d2014 215 $a1 online resource (159 p.) 300 $aDescription based upon print version of record. 311 $a1-118-65184-7 311 $a1-306-37365-4 327 $aCover; Title Page; Contents; Preface; Chapter 1 Potential Contamination Agents of Interest; 1.1 Introduction; 1.2 Water System Vulnerability; 1.2.1 Physical Disruption; 1.2.2 Contamination; 1.3 Microbial Threats; 1.3.1 Biological Agents; 1.4 Chemical Agents; 1.4.1 Chemical Categories; 1.5 Chemical or Biological Release Examples; 1.6 Public Health Impacts; 1.7 Summary and Conclusions; References; Chapter 2 Surveillance Methods and Technologies for Water and Wastewater Systems; 2.1 Introduction; 2.2 Monitoring Routine Chemical Indicators of Contamination; 2.2.1 On-line Chlorine Measurement 327 $a2.2.2 General Organic Chemical Load2.2.3 Oil and Petroleum Detection; 2.2.4 On-line Analytical Probes and Multiparameter Panels; 2.2.5 Multiarray Sensors; 2.3 Real-Time Toxicity Biomonitoring; 2.3.1 Bacteria-Based Toxicity Sensors; 2.3.2 Daphnia Toximeters; 2.3.3 Mussel Monitors; 2.3.4 Algae Toximeters; 2.3.5 Fish; 2.4 Monitoring for Radiation to Detect Radionuclides; 2.5 Screening for Specific Chemical Contaminants; 2.6 Screening for Specific Pathogens; 2.7 Pathogen Detection Systems Currently Under Development; 2.8 Conclusions; References 327 $aChapter 3 Designing an Optimal Water Monitoring Systems3.1 Introduction; 3.2 Role of Monitoring in Water Security; 3.3 Contamination Warning System; 3.4 Ideal Contamination Warning Technology; 3.5 Multiobjective Monitoring Programs; 3.6 Review of Monitoring Methods; 3.7 Optimal Monitoring Locations; 3.8 Case Study; 3.9 Summary and Conclusions; Acknowledgments; References; Further Reading; Chapter 4 Emergency Response Planning for Drinking Water Systems; 4.1 Introduction; 4.1.1 Return on Investment for a Utility Preparedness Program; 4.2 Legislation and Directives 327 $a4.3 Emergency Response Planning Within the Business Continuity Planning Umbrella4.4 Phases of Emergency Management; 4.4.1 Assessment; 4.4.2 Mitigation; 4.4.3 Preparation; 4.4.4 Response; 4.5 National Incident Management System (NIMS) and Incident Command System (ICS); 4.5.1 Incident Command System; 4.5.2 National Incident Management System; 4.5.3 NIMS Compliance; 4.5.4 NIMS Training; 4.5.5 NIMS/ICS Training for Utility Personnel; 4.6 Promoting Resource and Information Exchange Among Stakeholders; 4.6.1 WARN; 4.6.2 Emergency Exercises; 4.7 How to Develop an Emergency Plan 327 $a4.7.1 Types of Threats4.7.2 Plan Approval; 4.8 Contents of an Emergency Plan; 4.9 Considerations for Emergency Response Plan Content; 4.9.1 Mutual Aid Agreements; 4.9.2 Intertie Connections and Agreements with Other Systems; 4.9.3 System Information; 4.9.4 Response Actions for Specific Events; 4.9.5 Roles and Responsibilities; 4.9.6 Succession Planning; 4.10 Communications; 4.10.1 Emergency Notification of Personnel; 4.10.2 Internal Communication; 4.10.3 External Communication; 4.10.4 Communication with the Public; 4.10.5 Communication with Critical Customers; 4.11 Personnel Safety 327 $a4.11.1 Emergency Equipment 330 $a Water Safety and Water Infrastructure Security features articles from the Wiley Handbook of Science and Technology for Homeland Security covering topics related to contamination of drinking water, prevention, monitoring, and decontamination. Emergency response planning for drinking water and wastewater systems are also discussed. 606 $aWater -- Management 606 $aWater conservation 606 $aWater safety 608 $aElectronic books. 615 4$aWater -- Management. 615 4$aWater conservation. 615 4$aWater safety. 676 $a333.9100971 700 $aVoeller$b John G$0864507 801 0$bAU-PeEL 801 1$bAU-PeEL 801 2$bAU-PeEL 906 $aBOOK 912 $a9910453414703321 996 $aWater Safety and Water Infrastructure Security$91988734 997 $aUNINA LEADER 04654nam 2200709Ia 450 001 9910973774003321 005 20251116204050.0 010 $a1-280-91465-3 010 $a9786610914654 010 $a90-474-0425-4 010 $a1-4294-0707-7 024 7 $a10.1163/9789047404255 035 $a(CKB)1000000000414957 035 $a(EBL)3003919 035 $a(SSID)ssj0000234921 035 $a(PQKBManifestationID)11216484 035 $a(PQKBTitleCode)TC0000234921 035 $a(PQKBWorkID)10260844 035 $a(PQKB)10503959 035 $a(MiAaPQ)EBC3003919 035 $a(Au-PeEL)EBL3003919 035 $a(CaPaEBR)ebr10175322 035 $a(CaONFJC)MIL91465 035 $a(OCoLC)648581592 035 $a(nllekb)BRILL9789047404255 035 $a(EXLCZ)991000000000414957 100 $a20020830d2002 uy 0 101 0 $aeng 135 $aur|n|---||||| 181 $ctxt 182 $cc 183 $acr 200 00$aRegna and gentes $ethe relationship between late antique and early medieval peoples and kingdoms in the transformation of the Roman world /$fedited by Hans-Werner Goetz, Jorg Jarnut and Walter Pohl ; with collaboration of Soren Kaschke 205 $a1st ed. 210 $aLeiden ;$aBoston $cBrill$d2002 215 $a1 online resource (719 p.) 225 1 $aThe transformation of the Roman world,$x1386-4165 ;$vv. 13 300 $aDescription based upon print version of record. 311 08$a90-04-12524-8 320 $aIncludes bibliographical references and index. 327 $aList fo Contributors -- Abbreviations -- Introduction Hans-Werner Goetz -- The Empire, the gentes and the regna, Evangelos Chrysos -- The Leges Barbarorum : law and ethnicity in the post-Roman West Patrick Wormald -- Gens into regnum: the Vandals J.H.W.G. Liesbeschuetz -- Gens and regnum: among the Ostrogoths Peter Heather -- The enigmatic fifth century in Hispania: some historical problems Javier Arce -- Pro patriae gentisque Gothorum statv, Isabel Velazquez -- The Transformation of Hispania after 711 Ann Christys -- Gentes, kings and kingdoms- the emergence of states. The kingdom of the Gibichungs Ian N. Wood -- The relationship between Frankish gens and regnum a proposal based on the archaeological evidence Michael Schmauder -- Gens, kings and kingsdoms: the Franks Hans-Werner Goetz -- The Britons: from Romans to barbarians Alex Woolf -- Anglo-Saxon gentes and regna, Barbara Yorke -- Gens, rex and regnum of the Lombards Jorg Jarnut -- The Bavarians Matthias Hardt -- Avars and avar archaeology. An introduction Falko Daim -- A Non-Roman Empire in central Europe: the Avars alter Pohl -- Conclusion -- Bibliography -- Indices. 330 $aIn the research on "The transformation of the Roman world" relatively little attention has been paid to the transformation of early medieval peoples and the development of their communities into kingdoms, and we lack a comparative study on this subject. The aim of this volume is, therefore, to examine the relationship between gens and regnum by systematically comparing the "Germanic" and non-Germanic successor states of the Roman Empire, a question that leads to important results about the role of ethnic processes and of political developments in the formation of the new kingdoms. By trying to answer leading questions, 16 authors (historians, archaeologists and linguists) deal with ten important kingdoms of this period and with their political and legal context (role of the Empire and the law-codes). An introduction to the subject and its inherent problems and a comparative conclusion summarizing the results completes the volume. Contributors: Javier Arce, Ann Christys, Evangelos Chrysos, Falko Daim, Hans-Werner Goetz, Matthias Hardt, Peter Heather, Jörg Jarnut, J.H.W.G. Liebeschuetz, Walter Pohl, Michael Schmauder, Isabel Velázquez, Ian N. Wood, Alex Woolf, Patrick Wormald, and Barbara Yorke. 410 0$aTransformation of the Roman world ;$vv. 13. 606 $aGermanic peoples$xHistory 606 $aEthnicity$zEurope$xHistory 606 $aEthnicity$zHoly Roman Empire$xHistory 607 $aEurope$xHistory$y392-814 607 $aEurope$xPolitics and government 615 0$aGermanic peoples$xHistory. 615 0$aEthnicity$xHistory. 615 0$aEthnicity$xHistory. 676 $a305.8/00943 701 $aGoetz$b Hans-Werner$0166838 701 $aJarnut$b Jo?rg$0388739 701 $aPohl$b Walter$f1953-$0223712 801 0$bMiAaPQ 801 1$bMiAaPQ 801 2$bMiAaPQ 906 $aBOOK 912 $a9910973774003321 996 $aRegna and gentes$94532102 997 $aUNINA